000 01395nam a2200337 i 4500
001 000035590
003 DO-SdBNP
005 20240508073816.0
007 ta
008 111103s2011 dr 001 0 spa d
020 _a9789945074314
040 _aDO-SdBNP
_bspa
_cBNPHU
_erda
082 4 _a986.6
_bN964e
_222
100 1 _aNúñez Sánchez, Jorge,
_d1947-
_926037
_eautor
245 1 3 _aEl Ecuador en la historia /
_cJorge Núñez Sánchez.
264 _aSanto Domingo :
_bArchivo General de la Nación,
_c2011.
300 _a451 páginas ;
_c24 cm.
336 _2rdacontent
_atexto
_btxt
337 _2rdamedia
_asin mediación
_bn
338 _2rdacarrier
_avolumen
_bnc
490 _aArchivo General de la Nación ;
_v138
500 _aIncluye referencias bibliográficas y notas al pie de las páginas.
504 _aBibliografía : p. 429-442.
505 0 _aPresentación de la Embajada del Ecuador en la República Dominicana --
_tPresentación a la edición dominicana /
_rRoberto Cassá --
_tIntroducción --
_tÉpoca de los pueblos originarios --
_tÉpoca colonial --
_tSiglo XIX --
_tSiglo XX --
_tEl siglo XXI --
_tBibliografía básica.
590 _aInventariado, 2022/BT
651 4 _aEcuador
_xHistoria
_94781
651 4 _aEcuador
_xCondiciones sociales
_930372
651 4 _aEcuador
_xCondiciones económicas
_93338
910 _aValidado. Control de calidad
942 _2ddc
_cLBS1
999 _c35081
_d35081